Energetická krize a socialistické společenství

Guardado en:
Detalles Bibliográficos
Autor principal: Fárek, Jiří
Formato: Libro
Lenguaje:checo
Publicado: Praha Academia 1984
Edición:1. vyd.
Etiquetas: Agregar Etiqueta
Sin Etiquetas, Sea el primero en etiquetar este registro!

MARC

LEADER 00000nam a2200000 4500
001 c112522
005 20221220090542.8
041 0 |a cze 
044 |a CZ 
245 1 0 |a Energetická krize a socialistické společenství  |c Jiří Fárek 
250 |a 1. vyd. 
264 1 |a Praha  |b Academia  |c 1984 
300 |a 183 s. 
100 1 |a Fárek, Jiří